Statistics for Match the Classic Character with the Actor

Click here to take the quiz!

General Stats

  • This quiz has been taken 151 times
  • The average score is 19 of 20

Answer Stats

HintAnswer% Correct
d. Judy Garland
99%
s. Julie Andrews
98%
m. Vivian Leigh
97%
a. Humphrey Bogart
96%
e. Jimmy Stewart
96%
k. Anthony Perkins
96%
n. Jack Nicholson
96%
b. Audrey Hepburn
95%
l. Gregory Peck
95%
i. Orson Welles
94%
q. Al Pacino
94%
g. Sean Connery
93%
t. Clark Gable
93%
p. Charlton Heston
92%
f. Gloria Swanson
91%
o. Robert Shaw
90%
h. Marlon Brando
89%
r. George C. Scott
89%
j. John Wayne
88%
c. Alec Guiness
87%

Score Distribution

Percentile by Number Answered

Percent of People with Each Score

Your Score History

You have not taken this quiz